| 000 | 00935nam a22001697a 4500 | ||
|---|---|---|---|
| 003 | OSt | ||
| 005 | 20260410040208.0 | ||
| 008 | 260410b |||||||| |||| 00| 0 eng d | ||
| 020 | _a971-16-0092-7 | ||
| 040 |
_aDWC-Main lib. _cOC |
||
| 082 | _aFil. 348.044 Su959 | ||
| 110 | _aEDITORIAL STAFF OF THE CENTRAL LAWBOOK PUBLISHING CO., INC | ||
| 245 |
_aSupreme Court reports : _bannotated/ _cEDITORIAL STAFF OF THE CENTRAL LAWBOOK PUBLISHING CO., INC |
||
| 260 |
_aManila, Philippines : _bCentral Lawbook Publishing Company, Inc. |
||
| 504 | _av.151 - June 18 to June 30, 1987 v.152 - July 3 to July 31, 1987 v.153 - August to September 14, 1987 v.154 - September 15 to October 23, 1987 v.155 - October 26 to November 1987 v.156 - December 1 to 29, 1987 v.157 - January 1 to 29, 1988 v.158 - February 8 to March 16, 1988 v.159 - March 18 to April 14, 1988 v.160 - April 15 to April 30, 1988 | ||
| 942 |
_2ddc _cBK - FIL _hFil. _n0 |
||
| 999 |
_c9354 _d9354 |
||